000 00835nam a2200253Ia 4500
003 OSt
005 20221005105422.0
006 a|||||r|||| 00| 0
007 ta
008 221004b |||||||| |||| 00| 0 hin d
024 _a31857
037 _cTextual
040 _aCRL
_cCRL
_bhin
041 _2hin
_ahin
082 _aO152,3N05,1, L8
100 _aजैनेन्द्रकुमार
245 0 _aपरख मौलिक उपन्यास
246 _aParakh maulik upanyāsa
260 _aनई दिल्ली
_bपूर्वोदय प्रकाशन भारत
_c1984
300 _a117पृ.
_ccm.
650 _aहिन्दी कहानी
942 _hO152,3N05,1, L8
_cTEXL
_2cc
999 _c1015755
_d1015755